ADR in Bangladesh : (Record no. 1129)
[ view plain ]
| 000 -LEADER | |
|---|---|
| fixed length control field | 00686nam a22002297a 4500 |
| 001 - CONTROL NUMBER | |
| control field | 15656 |
| 003 - CONTROL NUMBER IDENTIFIER | |
| control field | BD-DhUAP |
| 005 - DATE AND TIME OF LATEST TRANSACTION | |
| control field | 20200203104509.0 |
| 008 - FIXED-LENGTH DATA ELEMENTS--GENERAL INFORMATION | |
| fixed length control field | 200203s2011 bg ||||| |||| 001 0 eng d |
| 020 ## - INTERNATIONAL STANDARD BOOK NUMBER | |
| International Standard Book Number | 9789843312624 |
| 040 ## - CATALOGING SOURCE | |
| Original cataloging agency | BD-DhUAP |
| Language of cataloging | Eng |
| Transcribing agency | BD-DhUAP |
| Modifying agency | BD-DhUAP |
| 082 ## - DEWEY DECIMAL CLASSIFICATION NUMBER | |
| Edition number | 23 |
| Classification number | 347.095492 HAL |
| 100 ## - MAIN ENTRY--PERSONAL NAME | |
| Personal name | Halim, Md. Abdul. |
| 245 ## - TITLE STATEMENT | |
| Title | ADR in Bangladesh : |
| Remainder of title | issues and challenges / |
| Statement of responsibility, etc. | Md. Abdul Halim. |
| 250 ## - EDITION STATEMENT | |
| Edition statement | 2nd ed. |
| 260 ## - PUBLICATION, DISTRIBUTION, ETC. | |
| Place of publication, distribution, etc. | Dhaka : |
| Name of publisher, distributor, etc. | CCB Foundation, |
| Date of publication, distribution, etc. | 2011. |
| 300 ## - PHYSICAL DESCRIPTION | |
| Extent | 326 pages ; |
| Other physical details | 22 cm. |
| 504 ## - BIBLIOGRAPHY, ETC. NOTE | |
| Bibliography, etc. note | Includes bibliographical indexes. |
| 650 ## - SUBJECT ADDED ENTRY--TOPICAL TERM | |
| Topical term or geographic name entry element | Dispute resolution (Law) |
| General subdivision | Bangladesh. |
| 650 ## - SUBJECT ADDED ENTRY--TOPICAL TERM | |
| Topical term or geographic name entry element | Commercial law |
| General subdivision | Bangladesh. |
| 942 ## - ADDED ENTRY ELEMENTS (KOHA) | |
| Source of classification or shelving scheme | |
| Koha item type | Book |
| Withdrawn status | Lost status | Source of classification or shelving scheme | Damaged status | Not for loan | Permanent Location | Current Location | Shelving location | Date acquired | Full call number | Barcode | Date last seen | Copy number | Price effective from | Koha item type | Total Checkouts | Date last checked out |
|---|---|---|---|---|---|---|---|---|---|---|---|---|---|---|---|---|
| UAP Central Library | UAP Central Library | General Stacks | 2020-02-03 | 347.095492 HAL | 3010015656 | 2020-02-03 | 1 | 2020-02-03 | Book | |||||||
| UAP Central Library | UAP Central Library | General Stacks | 2020-02-03 | 347.095492 HAL | 3010015650 | 2020-02-03 | 2 | 2020-02-03 | Book | |||||||
| UAP Central Library | UAP Central Library | General Stacks | 2020-02-03 | 347.095492 HAL | 3010017274 | 2020-02-03 | 3 | 2020-02-03 | Book | |||||||
| UAP Central Library | UAP Central Library | General Stacks | 2020-02-03 | 347.095492 HAL | 3010015653 | 2022-08-02 | 4 | 2020-02-03 | Book | 1 | 2021-08-22 | |||||
| UAP Central Library | UAP Central Library | General Stacks | 2020-02-03 | 347.095492 HAL | 3010017278 | 2020-02-03 | 5 | 2020-02-03 | Book | |||||||
| UAP Central Library | UAP Central Library | General Stacks | 2020-02-03 | 347.095492 HAL | 3010015654 | 2026-04-12 | 6 | 2020-02-03 | Book | 1 | 2026-04-09 | |||||
| UAP Central Library | UAP Central Library | General Stacks | 2020-02-03 | 347.095492 HAL | 3010015657 | 2020-02-03 | 7 | 2020-02-03 | Book | |||||||
| UAP Central Library | UAP Central Library | General Stacks | 2020-02-03 | 347.095492 HAL | 3010015658 | 2020-02-03 | 8 | 2020-02-03 | Book | |||||||
| UAP Central Library | UAP Central Library | General Stacks | 2020-02-03 | 347.095492 HAL | 3010017275 | 2025-08-27 | 9 | 2020-02-03 | Book | 1 | 2025-08-27 | |||||
| UAP Central Library | UAP Central Library | General Stacks | 2020-02-03 | 347.095492 HAL | 3010015651 | 2020-02-03 | 10 | 2020-02-03 | Book | |||||||
| UAP Central Library | UAP Central Library | General Stacks | 2020-02-03 | 347.095492 HAL | 3010017276 | 2020-02-03 | 11 | 2020-02-03 | Book | |||||||
| UAP Central Library | UAP Central Library | General Stacks | 2020-02-03 | 347.095492 HAL | 3010015655 | 2020-02-03 | 12 | 2020-02-03 | Book | |||||||
| UAP Central Library | UAP Central Library | General Stacks | 2020-02-03 | 347.095492 HAL | 3010015652 | 2020-12-29 | 13 | 2020-02-03 | Book | |||||||
| UAP Central Library | UAP Central Library | General Stacks | 2020-12-29 | 347.095492 HAL | 3010015649 | 2020-12-29 | 14 | 2020-12-29 | Book |
Bengali Keyboard